Basketball G.O.A.T Quiz - Statistics

General Stats
  • This quiz has been taken 89 times
  • The average score is 15 of 20
Answer Stats
Question Answer % Correct
Who was portrayed in the documentary "The Last Dance"? Michael Jordan
93%
For which of the following teams did LeBron James not play? Boston Celtics
90%
Who starred in a Space Jam movie? Both
90%
Which of them is taller? LeBron James
87%
Who has more career NBA points? LeBron James
87%
What is LeBron James most well-known nickname? The King
87%
How many NBA Championships did Michael Jordan win? 6
86%
How many NBA Championships has LeBron James won? 4
85%
Who was coached by Phil Jackson? Michael Jordan
83%
Who was part of the so-called "Dream Team" at the Barcelona Olympics? Michael Jordan
83%
Who was never a teammate of LeBron James? Blake Griffin
80%
Which of the two has won the NBA Slam Dunk Contest? Michael Jordan
79%
Who has won more NBA MVP (Most Valuable Player) awards? Michael Jordan
77%
Michael Jordan played for another NBA team besides the Chicago Bulls — which one was it? Washington Wizards
77%
Who has won the NBA Defensive Player of the Year award? Michael Jordan
76%
Which of the following players did not play on the Chicago Bulls with Michael Jordan? Clyde Drexler
75%
In which year was LeBron James drafted? 2003
68%
For which High School did LeBron James play? St. Vincent–St. Mary High School
63%
Where did Michael Jordan play his infamous "Flu Game"? Delta Center, Utah
43%
For which baseball team did Michael Jordan play during his brief break from basketball? Birmingham Barons
31%
No matching quizzes found
Score Distribution
Percent of People with Each Score
Percentile by Number Answered
Your Score History
You have not taken this quiz